00374nam a2200121Ia 4500008004100000245007200041260002400113260000900137300000700146650002300153650001200176856006400188170516s9999 xx 000 0 und d aBiofilm mediated decontamination of pollutants from the environment bAIMS Bioengineering c2016 a:1 xMedical Technology xMedtech uhttp://www.aimspress.com/journal/Bioengineering/2016/1.html